Spracovanie a interpretácia veľkých objemov dát
Big Data je jedným z vedúcich technologických trendov posledných rokov. Väčšina globálnych spoločností v oblasti informačných technológií už plne integruje Big Data do vlastných IT infraštruktúr dátových skladov. Koncept Big Data. Tri základné charakteristiky - tzv. 3V. Volume, teda množstvo dát, Ve...
Enregistré dans:
| Auteur principal: | |
|---|---|
| Format: | Chapitre de livre |
| Langue: | slovaque |
| Sujets: | |
| Tags: |
Pas de tags, Soyez le premier à ajouter un tag!
|
MARC
| LEADER | 00000naa$a2200000$$$4500 | ||
|---|---|---|---|
| 001 | 0261494 | ||
| 005 | 20240502083750.9 | ||
| 041 | 0 | |a slo | |
| 044 | |a CZ | ||
| 245 | 1 | 0 | |a Spracovanie a interpretácia veľkých objemov dát |c Magdaléna Cárachová |
| 520 | |a Big Data je jedným z vedúcich technologických trendov posledných rokov. Väčšina globálnych spoločností v oblasti informačných technológií už plne integruje Big Data do vlastných IT infraštruktúr dátových skladov. Koncept Big Data. Tri základné charakteristiky - tzv. 3V. Volume, teda množstvo dát, Velocity, teda rýchlosť, akou dáta pribúdajú, a v neposlednom rade Variety - rôzna podoba a štruktúra dát. K týmto trom základným charakteristikám identifikovala spoločnosť IBM ešte jednu, a to Veracity charakteristiku, ktorá rieši predovšetkým úplnosť a dôveryhodnosť spracovaných dát. Vybrané možnosti spracovania Big Data. | ||
| 610 | 2 | 0 | |a dáta |
| 610 | 2 | 0 | |a systémy databázové |
| 610 | 2 | 0 | |a technológie informačné |
| 610 | 2 | 0 | |a softvér |
| 610 | 2 | 0 | |a spracovanie dát |
| 610 | 2 | 0 | |a báza dát |
| 610 | 2 | 0 | |a analýza dát |
| 100 | 1 | |a Cárachová, Magdaléna | |